Збірник диктантів з української мови для початкових класів. (Запис № 286810)

МАРК-запис
000 -Лідер
fixed length control field 00744nam a22002417a 4500
003 - Ідентифікатор контрольного номера
control field UA-OsUOA
001 - Контрольний номер
control field 644
007 - Фіксоване поле фізичного опису
fixed length control field ta
008 - Елементи даних фіксованої довжини – загальна інформація
fixed length control field 20050622b un ||||| |||| 00| 0 ukr d
090 ## - Локальний шифр розміщення
Класифікаційний індекс УДК 811.161.2
Авторський знак (НП) Г82
040 ## - Джерело каталогізації
Агенція оригінальної каталогізації UA-OsUOA
Мова каталогізації ukr
Агенція, яка здійснювала перезапис UA-OsUOA
Агенція, яка здійснювала модифікацію UA-OsUOA
041 ## - Код мови
Код мови тексту/ звукової доріжки чи окремого заголовка (П) ukr
080 ## - Індекс Універсальної десяткової класифікації
Індекс Універсальної десяткової класифікації (УДК) (НП) 811.161.2
020 ## - Міжнародний стандартний книжковий номер (ISBN)
Міжнародний стандартний книжковий номер (ISBN) (НП) 966-06-0162-Х
100 ## - Основне введення – ім’я особи
Ім’я особи (НП) Грибіниченко Т. О.
245 ## - Відомості про назву
Назва (НП) Збірник диктантів з української мови для початкових класів.
260 ## - Публікація, розповсюдження і т.п. (Вихідні дані)
Місце публікації, розповсюдження і т.п. (П) К.
Ім’я/ наймення видавництва, розповсюджувача і т.п. (П) Либідь
Дата публікації, розповсюдження і т.п. (П) 2000
300 ## - Фізичний опис
Обсяг 272 с.
650 #7 - Додаткове предметне введення – тематичний термін
Тематичний термін чи географічна назва, як елемент введення (НП) 8 Мовознавство. Художня література. Літературознавство
Джерело заголовка чи терміна UDC
942 ## - Додаткові елементи входу (Коха)
Тип елемента Koha Книги
955 ## - Код типу видання за змістом
Код типу видання за змістом (НП) Навчальні видання
Фонди
Стан вилучень Стан втрат Джерело класифікації або схеми стелажів Стан уражень Не для кредиту Постійне місце розташування Поточне розміщення Дата придбання Джерело придбання Вартість, звичайна ціна покупки Інвентарний номер Усього замовленно Повний номер виклику Штрих-код Дата останнього перегляду Ціна ефективна від Тип елемента Koha
Withdrawn   Universal Decimal Classification     АБ - Абонемент НБ АБ - Абонемент НБ 22/06/2005 98/2005 3.00 86341   811.161.2 Г82 86341 13/07/2019 22/06/2005 Книги
    Universal Decimal Classification     АБ - Абонемент НБ АБ - Абонемент НБ 22/06/2005 98/2005 3.00 86342   811.161.2 Г82 86342 30/05/2022 22/06/2005 Книги
    Universal Decimal Classification     АБ - Абонемент НБ АБ - Абонемент НБ 22/06/2005 98/2005 3.00 86343   811.161.2 Г82 86343 26/05/2022 22/06/2005 Книги
    Universal Decimal Classification     АБ - Абонемент НБ АБ - Абонемент НБ 22/06/2005 98/2005 3.00 86344   811.161.2 Г82 86344 26/05/2022 22/06/2005 Книги